000 00359cam a22001217a 4500
999 _c509157
_d509157
008 180718b1959 xxu||||| |||| 00| 0 eng d
082 _aB71103x5411 A/1959
100 _aAssam. Legislative Assembly
_94751
245 _aThe Assam panchayat act, 1959 (Assam act no. XXIV of 1959)
260 _aShillong
_bGovernment Press
_c1959
300 _a62p.
942 _2ddc